[Event "EU-ch U12 Girls"]
[Site "Prague"]
[Date "2024.08.26"]
[Round "5"]
[White "Ndreko, Ailin"]
[Black "Vancakova, Veronika"]
[Result "1/2-1/2"]
[WhiteElo "1642"]
[BlackElo "1776"]
[PlyCount "153"]
[EventDate "2024.08.22"]
[EventType "swiss"]
[EventRounds "9"]
[EventCountry "CZE"]
[SourceTitle "CBM 221 Extra"]
[Source "ChessBase"]
[SourceDate "2024.09.30"]
[SourceVersion "1"]
[SourceVersionDate "2024.09.30"]
[SourceQuality "1"]

1. e4 d6 2. d4 Nf6 3. Nc3 Nbd7 4. Nf3 e5 5. Bc4 Be7 6. 0-0 0-0 7. Bb3 c6 8. a4 a5 9. Bg5 h6 10. Bh4 Nh5 11. Bg3 Nxg3 12. fxg3 Bf6 13. Kh1 Re8 14. Qd3 exd4 15. Nxd4 Nc5 16. Qc4 Nxb3 17. Nxb3 Be6 18. Qd3 Bxb3 19. cxb3 Qe7 20. Rad1 Be5 21. Qc4 Ra6 22. Rf3 Qe6 23. Qd3 Qxb3 24. Rdf1 Qe6 25. Rxf7 Qxf7 26. Rxf7 Kxf7 27. h3 Ke7 28. b3 Kd7 29. Ne2 Rb6 30. Qf3 Rb4 31. Qf7+ Re7 32. Qf5+ Kc7 33. Nf4 Bxf4 34. Qxa5+ Rb6 35. gxf4 Rxe4 36. Qf5 Re7 37. Qa5 Rd7 38. b4 d5 39. Qc5 Ra6 40. b5 Rb6 41. Qd4 cxb5 42. Qe5+ Rbd6 43. axb5 d4 44. Qc5+ Kd8 45. b6 Ke7 46. Qe5+ Kf8 47. Qf5+ Kg8 48. Qd3 Rxb6 49. Qc4+ Kh7 50. Qd3+ Kh8 51. h4 Rc6 52. Qf5 Rd8 53. Qa5 Rcd6 54. Qd2 d3 55. f5 b5 56. g4 b4 57. g5 Rd4 58. f6 Rxh4+ 59. Kg2 Rg4+ 60. Kh3 Rxg5 61. fxg7+ Kh7 62. Qxb4 d2 63. Qe4+ Rg6 64. g8Q+ Rdxg8 65. Qd3 R8g7 66. Qxd2 Rf7 67. Qd5 Rfg7 68. Qd3 h5 69. Kh4 Kh6 70. Qd2+ Rg5 71. Qd6+ R7g6 72. Qf8+ Kh7 73. Qe7+ Kh6 74. Qf8+ Rg7 75. Qf6+ R5g6 76. Qf4+ Kh7 77. Qf5 1/2-1/2

[Event "EU Union-ch U12"]
[Site "Roznov pod Radhostem"]
[Date "2024.08.10"]
[Round "6"]
[White "Sabou, Stefania Theodora"]
[Black "Vancakova, Veronika"]
[Result "1-0"]
[WhiteElo "1781"]
[BlackElo "1776"]
[PlyCount "71"]
[EventDate "2024.08.05"]
[EventType "swiss"]
[EventRounds "9"]
[EventCountry "CZE"]
[SourceTitle "EXT 2025"]
[Source "ChessBase"]
[SourceDate "2024.10.14"]
[SourceVersion "1"]
[SourceVersionDate "2024.10.14"]
[SourceQuality "1"]

1. c4 Nf6 2. Nc3 g6 3. g3 Bg7 4. Bg2 d6 5. e4 c5 6. Nge2 Nc6 7. 0-0 0-0 8. d3 Ne8 9. Be3 Nd4 10. Qd2 Nc7 11. Bh6 Rb8 12. Bxg7 Kxg7 13. f4 f5 14. Rae1 a6 15. Kh1 b5 16. cxb5 axb5 17. Nxd4 cxd4 18. Nd5 Nxd5 19. exd5 Kf7 20. Qb4 Qb6 21. g4 fxg4 22. Re4 Ra8 23. Qe1 Ra7 24. Qh4 Bf5 25. Qxh7+ Ke8 26. Rc1 Rc7 27. Ree1 Bxd3 28. Rc6 Qb7 29. Rxd6 Bf5 30. Qg7 Rc8 31. Rb6 Qd7 32. d6 e6 33. Qxd4 Rc4 34. Qe5 Rc2 35. Rb7 Qd8 36. Qxb5+ 1-0

[Event "EU Union-ch U12"]
[Site "Roznov pod Radhostem"]
[Date "2024.08.09"]
[Round "5"]
[White "Vancakova, Veronika"]
[Black "Kala, Jakub"]
[Result "1/2-1/2"]
[WhiteElo "1776"]
[BlackElo "1949"]
[PlyCount "129"]
[EventDate "2024.08.05"]
[EventType "swiss"]
[EventRounds "9"]
[EventCountry "CZE"]
[SourceTitle "EXT 2025"]
[Source "ChessBase"]
[SourceDate "2024.10.14"]
[SourceVersion "1"]
[SourceVersionDate "2024.10.14"]
[SourceQuality "1"]

1. d4 d5 2. c4 e6 3. Nc3 Nf6 4. Bg5 Be7 5. e3 h6 6. Bh4 0-0 7. Nf3 b6 8. cxd5 exd5 9. Bd3 Bb7 10. Qc2 Nbd7 11. 0-0-0 c5 12. Bxf6 Nxf6 13. Ne5 cxd4 14. exd4 Rc8 15. Kb1 Bb4 16. f3 Bxc3 17. bxc3 b5 18. Qd2 Qa5 19. Kb2 Rfd8 20. g4 Rd6 21. a3 Ra6 22. Ra1 Ne8 23. g5 Nd6 24. gxh6 Nc4+ 25. Nxc4 bxc4 26. Bc2 Qb6+ 27. Kc1 Qxh6 28. Rg1 Qxd2+ 29. Kxd2 Rh6 30. Rg2 Rcc6 31. Rag1 g6 32. f4 Kf8 33. f5 gxf5 34. Bxf5 Ra6 35. Ra1 Rab6 36. Bc2 Rh4 37. Rf2 Rbh6 38. Rh1 Bc8 39. Kc1 Rh3 40. Kd2 Ke7 41. Re1+ Be6 42. Ree2 Kd6 43. Rg2 Rf6 44. Ref2 Rff3 45. Rxf3 Rxf3 46. Re2 Rh3 47. Rf2 Kd7 48. Ba4+ Kd6 49. Bc2 Ke7 50. Bb1 Kf8 51. Bc2 Kg7 52. Bb1 Kh6 53. Rg2 Rf3 54. Bc2 Bh3 55. Re2 Be6 56. Rg2 Rh3 57. Bb1 Rh5 58. Bc2 Rg5 59. Rf2 Kh5 60. Bd1+ Kh4 61. Be2 Rg7 62. Ke3 Rg1 63. Bf1 Rg4 64. Rf4 Rxf4 65. Kxf4 1/2-1/2

[Event "EU Union-ch U12"]
[Site "Roznov pod Radhostem"]
[Date "2024.08.07"]
[Round "3"]
[White "Vancakova, Veronika"]
[Black "Rudova, Jana"]
[Result "1-0"]
[WhiteElo "1776"]
[BlackElo "1484"]
[PlyCount "59"]
[EventDate "2024.08.05"]
[EventType "swiss"]
[EventRounds "9"]
[EventCountry "CZE"]
[SourceTitle "EXT 2025"]
[Source "ChessBase"]
[SourceDate "2024.10.14"]
[SourceVersion "1"]
[SourceVersionDate "2024.10.14"]
[SourceQuality "1"]

1. d4 d5 2. Nf3 Nf6 3. c4 e6 4. Nc3 Bb4 5. Qa4+ Nc6 6. e3 Bxc3+ 7. bxc3 Bd7 8. Qc2 0-0 9. cxd5 exd5 10. Bd3 Re8 11. 0-0 h6 12. Nd2 Qe7 13. Bb2 Ne4 14. Nb3 Qg5 15. Rae1 Bh3 16. f3 Nd6 17. Bc1 Be6 18. e4 Qh4 19. e5 Nc4 20. f4 Rad8 21. Re2 Qh5 22. f5 Bd7 23. Rf3 Qh4 24. Rh3 Qg4 25. Rg3 Qh5 26. Rf2 Kh7 27. Be2 Qh4 28. Rf4 Qxf4 29. Bxf4 Kh8 30. Qc1 1-0

[Event "EU Union-ch U12"]
[Site "Roznov pod Radhostem"]
[Date "2024.08.06"]
[Round "2"]
[White "Corral Nehama, Leo"]
[Black "Vancakova, Veronika"]
[Result "1-0"]
[WhiteElo "1984"]
[BlackElo "1776"]
[PlyCount "59"]
[EventDate "2024.08.05"]
[EventType "swiss"]
[EventRounds "9"]
[EventCountry "CZE"]
[SourceTitle "EXT 2025"]
[Source "ChessBase"]
[SourceDate "2024.10.14"]
[SourceVersion "1"]
[SourceVersionDate "2024.10.14"]
[SourceQuality "1"]

1. e4 d6 2. d4 Nf6 3. Nc3 g6 4. Bg5 Bg7 5. e5 dxe5 6. dxe5 Ng4 7. Qxd8+ Kxd8 8. 0-0-0+ Bd7 9. e6 fxe6 10. Ne4 Ke8 11. Nh3 b6 12. Bc4 Ne5 13. Rxd7 Nbxd7 14. Bxe6 Nf8 15. Bb3 h6 16. Bd2 Nf7 17. Bd5 Rd8 18. Bc6+ Nd7 19. Nf4 Nfe5 20. Ba4 b5 21. Bxb5 Kf7 22. Bc3 g5 23. Nh5 Bf6 24. Re1 Kg6 25. f4 Ng4 26. Neg3 Nxh2 27. Bc4 Ng4 28. f5+ Kh7 29. Nxf6+ Ngxf6 30. Rxe7# 1-0

[Event "CZE-ch U12 Girls"]
[Site "Kouty nad Desnou"]
[Date "2024.03.15"]
[Round "8"]
[White "Trcalkova, Ema"]
[Black "Vancakova, Veronika"]
[Result "0-1"]
[WhiteElo "1558"]
[BlackElo "1780"]
[PlyCount "50"]
[EventDate "2024.03.09"]
[EventType "swiss"]
[EventRounds "9"]
[EventCountry "CZE"]
[SourceTitle "CBM 219 Extra"]
[Source "ChessBase"]
[SourceDate "2024.05.31"]
[SourceVersion "1"]
[SourceVersionDate "2024.05.31"]
[SourceQuality "1"]

1. e4 d6 2. d4 Nf6 3. Nc3 g6 4. Be3 c6 5. Qd2 b5 6. f3 Nbd7 7. h4 Nb6 8. g4 h5 9. g5 Nfd7 10. b3 Bg7 11. 0-0-0 Qc7 12. Nh3 b4 13. Nb1 a5 14. Qf2 a4 15. Qd2 axb3 16. axb3 0-0 17. f4 c5 18. Be2 Bb7 19. Bf3 Rfc8 20. dxc5 Nxc5 21. Bxc5 Qxc5 22. Qg2 Ra2 23. Rh2 Qc3 24. Nxc3 Bxc3 25. Rxd6 Ra1# 0-1

[Event "CZE-ch U12 Girls"]
[Site "Kouty nad Desnou"]
[Date "2024.03.13"]
[Round "6"]
[White "Vancakova, Veronika"]
[Black "Stepankova, Linda"]
[Result "1-0"]
[WhiteElo "1780"]
[BlackElo "1592"]
[PlyCount "109"]
[EventDate "2024.03.09"]
[EventType "swiss"]
[EventRounds "9"]
[EventCountry "CZE"]
[SourceTitle "CBM 219 Extra"]
[Source "ChessBase"]
[SourceDate "2024.05.31"]
[SourceVersion "1"]
[SourceVersionDate "2024.05.31"]
[SourceQuality "1"]

1. d4 d5 2. c4 e6 3. Nc3 c6 4. Nf3 f5 5. e3 Nf6 6. Bd3 Bd6 7. Bd2 Nbd7 8. Rc1 Ne4 9. cxd5 exd5 10. 0-0 0-0 11. Ne2 g5 12. Ne1 g4 13. Ng3 Ndf6 14. Bxe4 fxe4 15. f4 exf3 16. gxf3 h5 17. Qc2 Qe8 18. fxg4 Bxg3 19. hxg3 Bxg4 20. Ng2 Ne4 21. Rxf8+ Qxf8 22. Rf1 Qd6 23. Be1 Rf8 24. Nf4 Kg7 25. Qa4 Rf7 26. Qxa7 Qd7 27. Qb8 Qc7 28. Qxc7 Rxc7 29. Nd3 Be2 30. Nf4 Re7 31. Nxe2 Kg6 32. Kg2 Ng5 33. Nf4+ Kh6 34. Rh1 Rxe3 35. Rxh5+ Kg7 36. Rxg5+ Kf6 37. Re5 Rxe5 38. dxe5+ Kxe5 39. Kf3 Kf5 40. Bf2 Ke5 41. Ne2 Kd6 42. b4 Ke5 43. g4 Kf6 44. Kf4 Ke6 45. g5 Kf7 46. Kf5 Kg7 47. Bd4+ Kf7 48. g6+ Kg8 49. Nf4 c5 50. bxc5 Kf8 51. Kf6 Kg8 52. Nh5 Kf8 53. g7+ Kg8 54. Kg6 b5 55. Nf6# 1-0

[Event "CZE-ch U12 Girls"]
[Site "Teplice"]
[Date "2023.03.17"]
[Round "8"]
[White "Vancakova, Veronika"]
[Black "Kusova, Nikola"]
[Result "1-0"]
[WhiteElo "1518"]
[BlackElo "1236"]
[PlyCount "63"]
[EventDate "2023.03.11"]
[EventType "swiss"]
[EventRounds "9"]
[EventCountry "CZE"]
[SourceTitle "CBM 213 Extra"]
[Source "ChessBase"]
[SourceDate "2023.05.31"]
[SourceVersion "1"]
[SourceVersionDate "2023.05.31"]
[SourceQuality "1"]

1. d4 d5 2. c4 e6 3. Nc3 c5 4. cxd5 exd5 5. Nf3 Nc6 6. g3 Nf6 7. Bg2 Be7 8. 0-0 0-0 9. Bg5 cxd4 10. Nxd4 Be6 11. Rc1 Rc8 12. Nxc6 Rxc6 13. Qd2 Qd7 14. Bxf6 Bxf6 15. Nxd5 Bxd5 16. Bxd5 Rd6 17. e4 Re8 18. Qc2 Bg5 19. f4 Bh6 20. Qc7 Re7 21. Qxd7 Rexd7 22. Rc8+ Rd8 23. Rfc1 g6 24. Rxd8+ Rxd8 25. Rc7 Bg7 26. Rxb7 Rc8 27. Rxf7 Kh8 28. e5 Rc1+ 29. Kg2 Rc2+ 30. Kh3 Rxb2 31. e6 Re2 32. e7 1-0

[Event "CZE-ch U12 Girls"]
[Site "Teplice"]
[Date "2023.03.15"]
[Round "6"]
[White "Vancakova, Veronika"]
[Black "Janouskova, Eliska"]
[Result "1-0"]
[WhiteElo "1518"]
[BlackElo "1331"]
[PlyCount "147"]
[EventDate "2023.03.11"]
[EventType "swiss"]
[EventRounds "9"]
[EventCountry "CZE"]
[SourceTitle "CBM 213 Extra"]
[Source "ChessBase"]
[SourceDate "2023.05.31"]
[SourceVersion "1"]
[SourceVersionDate "2023.05.31"]
[SourceQuality "1"]

1. d4 c5 2. d5 e5 3. e4 d6 4. Nc3 Be7 5. Be2 Bg5 6. Bxg5 Qxg5 7. Nb5 Qd8 8. a4 a6 9. Nc3 Ne7 10. Nf3 0-0 11. 0-0 Ng6 12. Nd2 Nd7 13. Nc4 Nb6 14. Ne3 Qf6 15. a5 Nd7 16. Bg4 b5 17. axb6 Nxb6 18. Bxc8 Rfxc8 19. Na4 Nxa4 20. Rxa4 Qd8 21. Nc4 Qd7 22. Ra3 Rcb8 23. b3 Nf4 24. Qf3 Qc7 25. Rfa1 Rd8 26. g3 Ng6 27. Rxa6 Rxa6 28. Rxa6 h6 29. h3 Qe7 30. Qf5 Qc7 31. Na5 Ne7 32. Qf3 Rc8 33. Qd3 Rb8 34. Nc4 Rd8 35. Kg2 Ng6 36. Na5 Ne7 37. Nc6 Nxc6 38. Rxc6 Qa7 39. Qa6 Qe7 40. Qb6 Qf6 41. Qc7 Kh7 42. Qa5 Rb8 43. Qa7 Rd8 44. Rc7 Kg8 45. Rc6 Kh7 46. Qa6 Qg6 47. Qd3 Rb8 48. Ra6 Rb4 49. Ra4 Rb8 50. Qf3 f6 51. Ra6 Rd8 52. Qf5 Qxf5 53. exf5 h5 54. h4 g6 55. Ra7+ Kh6 56. Rf7 gxf5 57. Rxf6+ Kg7 58. Rxf5 Kg6 59. Rf3 Re8 60. Rc3 e4 61. Re3 Re5 62. Re1 Kf5 63. Rd1 Kg4 64. c4 e3 65. Re1 exf2 66. Rxe5 dxe5 67. Kxf2 e4 68. d6 Kh3 69. d7 e3+ 70. Kxe3 Kxg3 71. d8Q Kh3 72. Qg8 Kxh4 73. Kf3 Kh3 74. Qg3# 1-0

[Event "CZE-ch U12 Girls"]
[Site "Teplice"]
[Date "2023.03.11"]
[Round "1"]
[White "Mojzisova, Barbora"]
[Black "Vancakova, Veronika"]
[Result "0-1"]
[WhiteElo "1127"]
[BlackElo "1518"]
[PlyCount "50"]
[EventDate "2023.03.11"]
[EventType "swiss"]
[EventRounds "9"]
[EventCountry "CZE"]
[SourceTitle "CBM 213 Extra"]
[Source "ChessBase"]
[SourceDate "2023.05.31"]
[SourceVersion "1"]
[SourceVersionDate "2023.05.31"]
[SourceQuality "1"]

1. e4 e5 2. Nf3 Nf6 3. Nc3 Nc6 4. d4 exd4 5. Nxd4 Bb4 6. Nxc6 bxc6 7. Bd3 d5 8. Bd2 0-0 9. 0-0 Bxc3 10. Bxc3 Nxe4 11. Bxe4 dxe4 12. Qe2 Bf5 13. Qe3 Bg6 14. Qc5 Qd5 15. Qe3 f5 16. Rfd1 Qe6 17. Qd4 Rf7 18. Rd2 f4 19. a3 f3 20. Rad1 Qg4 21. Qd8+ Rxd8 22. Rxd8+ Rf8 23. Rxf8+ Kxf8 24. Kf1 fxg2+ 25. Kg1 Qxd1+ 0-1

[Event "Wroclaw Anderssen Memorial op-C"]
[Site "Wroclaw"]
[Date "2023.??.??"]
[Round "3"]
[White "Vancakova, Veronika"]
[Black "Mazurkiewicz, Krzysztof1"]
[Result "1-0"]
[WhiteElo "1552"]
[BlackElo "1167"]
[PlyCount "69"]
[EventDate "2023.08.06"]
[EventType "swiss"]
[EventRounds "9"]
[EventCountry "POL"]
[SourceTitle "EXT 2024"]
[Source "ChessBase"]
[SourceDate "2023.10.10"]
[SourceVersion "1"]
[SourceVersionDate "2023.10.10"]
[SourceQuality "1"]

1. d4 Nf6 2. c4 b6 3. Nc3 Bb7 4. Qc2 e6 5. e4 d5 6. e5 Nfd7 7. cxd5 exd5 8. f4 c5 9. Nf3 Nc6 10. Be3 cxd4 11. Nxd4 Nxd4 12. Bxd4 Rc8 13. Be2 Bc5 14. 0-0-0 Bxd4 15. Rxd4 a6 16. Kb1 Nc5 17. Qd2 Ne6 18. Rd3 d4 19. f5 Qh4 20. fxe6 dxc3 21. exf7+ Kf8 22. Rxc3 Rxc3 23. Qxc3 Qe4+ 24. Bd3 Qd5 25. Re1 Ke7 26. Qc7+ Qd7 27. Qd6+ Qxd6 28. exd6+ Kxf7 29. Re7+ Kf6 30. Rxb7 Ke6 31. Rxb6 a5 32. Bb5 Kd5 33. d7 Kc5 34. Rb7 g5 35. a4 1-0

[Event "Wroclaw Anderssen Memorial op-C"]
[Site "Wroclaw"]
[Date "2023.??.??"]
[Round "7"]
[White "Vancakova, Veronika"]
[Black "Owad, Jakub"]
[Result "1-0"]
[WhiteElo "1552"]
[BlackElo "1169"]
[PlyCount "73"]
[EventDate "2023.08.06"]
[EventType "swiss"]
[EventRounds "9"]
[EventCountry "POL"]
[SourceTitle "EXT 2024"]
[Source "ChessBase"]
[SourceDate "2023.10.10"]
[SourceVersion "1"]
[SourceVersionDate "2023.10.10"]
[SourceQuality "1"]

1. d4 d5 2. c4 c6 3. Nc3 Nf6 4. Nf3 dxc4 5. a4 Bg4 6. Ne5 Bf5 7. Nxc4 e6 8. f3 c5 9. e4 cxd4 10. Nb5 a6 11. exf5 axb5 12. Ne5 Qd5 13. Bxb5+ Nc6 14. Nxc6 bxc6 15. Bd3 exf5 16. 0-0 Be7 17. Re1 Ra7 18. Qc2 0-0 19. Bxf5 Bc5 20. Bd3 Bb6 21. b3 Rb7 22. Bd2 Ba7 23. b4 Bb8 24. Rec1 Qh5 25. h3 Rc8 26. Ba6 Ba7 27. Qd3 Rcc7 28. Bxb7 Rxb7 29. Rxc6 Nd7 30. Rc8+ Nf8 31. b5 g6 32. Bb4 Rb8 33. Rac1 Kg7 34. Bxf8+ Kf6 35. R8c6+ Kg5 36. Qd2+ Kh4 37. Qf4+ 1-0

[Event "CZE-chT U12"]
[Site "Jihlava"]
[Date "2022.06.12"]
[Round "9.5"]
[White "Krisicova, Neli"]
[Black "Vancakova, Veronika"]
[Result "0-1"]
[WhiteElo "1009"]
[BlackElo "1158"]
[PlyCount "120"]
[EventDate "2022.06.10"]
[EventType "team-swiss"]
[EventRounds "9"]
[EventCountry "CZE"]
[SourceTitle "CBM 209 Extra"]
[Source "ChessBase"]
[SourceDate "2022.09.30"]
[SourceVersion "1"]
[SourceVersionDate "2022.09.30"]
[SourceQuality "1"]
[WhiteTeam "Trinec U12"]
[BlackTeam "Frydek Mistek U12"]
[WhiteTeamCountry "CZE"]
[BlackTeamCountry "CZE"]

1. b3 e5 2. Bb2 Nc6 3. e3 d5 4. Bb5 Bd6 5. f4 Qh4+ 6. g3 Qe7 7. Qe2 Bd7 8. Nc3 Nf6 9. 0-0-0 Bg4 10. Nxd5 Bxe2 11. Nxe7 Bxb5 12. Nxc6 Bxc6 13. Ne2 Bxh1 14. fxe5 Bf3 15. Re1 Bxe2 16. Rxe2 Be7 17. exf6 Bxf6 18. Ba3 0-0-0 19. Rf2 h5 20. h4 Rd7 21. Rf5 Rhd8 22. Bb4 Rd5 23. Rf2 Rb5 24. a3 a5 25. a4 Rxb4 26. c3 Rxb3 27. Kc2 Rb6 28. Rf5 Rbd6 29. d4 Rd5 30. Rf2 b6 31. Kb3 Re8 32. c4 Rxe3+ 33. Kc2 Rxd4 34. Kc1 Rdd3 35. Rc2 Rc3 36. Rxc3 Rxc3+ 37. Kd2 Rxg3 38. Ke2 Kd7 39. Kf2 Ra3 40. Ke2 Kd6 41. Kd2 Kc5 42. Kc2 Kxc4 43. Kd2 Rc3 44. Ke2 Rd3 45. Kf2 Kd4 46. Ke2 Be7 47. Kf2 Re3 48. Kg2 Ke4 49. Kh2 Kf4 50. Kg2 Ra3 51. Kf2 Ra2+ 52. Ke1 Ke3 53. Kd1 Re2 54. Kc1 Kd3 55. Kd1 Bd8 56. Kc1 Rd2 57. Kb1 Rc2 58. Ka1 Kc3 59. Kb1 Kb3 60. Ka1 Rc1# 0-1

[Event "CZE-ch U10 Girls"]
[Site "Luhacovice"]
[Date "2022.03.15"]
[Round "5"]
[White "Vancakova, Veronika"]
[Black "Janouskova, Eliska"]
[Result "0-1"]
[WhiteElo "1300"]
[BlackElo "1167"]
[PlyCount "110"]
[EventDate "2022.03.12"]
[EventType "swiss"]
[EventRounds "9"]
[EventCountry "CZE"]
[SourceTitle "EXT 2023"]
[Source "ChessBase"]
[SourceDate "2022.10.05"]
[SourceVersion "1"]
[SourceVersionDate "2022.10.05"]
[SourceQuality "1"]

1. d4 e6 2. c4 f5 3. Nc3 Nf6 4. Nf3 b6 5. e3 Bb7 6. Bd3 Bb4 7. Bd2 Bxc3 8. Bxc3 0-0 9. 0-0 d6 10. Re1 Ne4 11. Rc1 Nd7 12. Nd2 Ndf6 13. f3 Nxc3 14. Rxc3 Kh8 15. e4 fxe4 16. fxe4 e5 17. d5 Qe7 18. Qe2 Rae8 19. Bc2 Qf7 20. Rf1 Qg6 21. b4 a6 22. Ba4 Re7 23. c5 bxc5 24. bxc5 Ref7 25. c6 Bc8 26. h3 Nh5 27. Rxf7 Rxf7 28. g4 Nf4 29. Qh2 Qh6 30. Bd1 Qh4 31. Qg3 Nxh3+ 32. Qxh3 Qe1+ 33. Nf1 Qxd1 34. Re3 Bxg4 35. Qg2 Rf6 36. Rb3 h6 37. Re3 Rg6 38. Rg3 h5 39. Kh2 h4 40. Rxg4 Qxg4 41. Qxg4 Rxg4 42. Nd2 Rf4 43. Kg2 g5 44. Nf3 h3+ 45. Kg3 g4 46. Ng5 Rf1 47. Ne6 Rg1+ 48. Kh2 Rg2+ 49. Kh1 g3 50. Ng5 Rxa2 51. Nxh3 Kg7 52. Ng5 Rc2 53. Nf3 a5 54. Kg1 Kf6 55. Kf1 Rf2+ 0-1

[Event "EU Union-ch U10"]
[Site "Kouty nad Desnou"]
[Date "2021.08.18"]
[Round "5.5"]
[White "Vancakova, Veronika"]
[Black "Tsolov, Aleksandar"]
[Result "0-1"]
[WhiteElo "1166"]
[BlackElo "1425"]
[PlyCount "144"]
[EventDate "2021.08.14"]
[EventType "swiss"]
[EventRounds "9"]
[EventCountry "CZE"]
[SourceTitle "EXT 2022"]
[Source "ChessBase"]
[SourceDate "2021.10.06"]
[SourceVersion "1"]
[SourceVersionDate "2021.10.06"]
[SourceQuality "1"]

1. d4 d5 2. c4 c6 3. Nc3 Nf6 4. Bg5 h6 5. Bh4 e6 6. cxd5 exd5 7. e3 Be7 8. Bd3 Nh7 9. Bxe7 Qxe7 10. Nge2 Bg4 11. Qc2 Ng5 12. h4 Bxe2 13. Nxe2 Ne6 14. Rb1 a5 15. Nc3 Nxd4 16. Qd2 Ne6 17. Na4 Nd7 18. Qc2 0-0 19. a3 b5 20. Nc3 Ne5 21. Be2 d4 22. Nd1 dxe3 23. Nxe3 Nd4 24. Qc3 Nxe2 25. Kxe2 Nc4 26. Kf1 Nxe3+ 27. fxe3 Rfe8 28. Rh3 Qe6 29. Rc1 a4 30. Kf2 Rad8 31. Kf1 Qe4 32. Kf2 Rd3 33. Qe1 Red8 34. Rc2 Rxe3 35. Rxe3 Qxc2+ 36. Re2 Qc5+ 37. Kf1 Qc4 38. Kg1 Qd4+ 39. Kh1 Qd1 40. Qxd1 Rxd1+ 41. Kh2 Rb1 42. Kg3 f6 43. Kg4 Kf7 44. h5 c5 45. Kf5 c4 46. Rc2 Ra1 47. Ke4 Re1+ 48. Kf5 Re5+ 49. Kg4 Ke6 50. Rd2 Rg5+ 51. Kh4 Ke5 52. g4 Ke4 53. Kg3 f5 54. Re2+ Kd3 55. Rf2 Rxg4+ 56. Kh3 Re4 57. Rxf5 Re3+ 58. Kg4 Kc2 59. Rxb5 Rb3 60. Rb4 Rxb4 61. axb4 c3 62. bxc3 a3 63. Kf5 a2 64. Kg6 a1Q 65. Kxg7 Qxc3+ 66. Kxh6 Qxb4 67. Kh7 Qg4 68. h6 Qg5 69. Kh8 Qf6+ 70. Kh7 Qf7+ 71. Kh8 Kb1 72. h7 Qf8# 0-1

[Event "EU Union-ch U10"]
[Site "Kouty nad Desnou"]
[Date "2021.08.14"]
[Round "1.4"]
[White "Bara, Jan"]
[Black "Vancakova, Veronika"]
[Result "0-1"]
[WhiteElo "1449"]
[BlackElo "1166"]
[PlyCount "144"]
[EventDate "2021.08.14"]
[EventType "swiss"]
[EventRounds "9"]
[EventCountry "CZE"]
[SourceTitle "EXT 2022"]
[Source "ChessBase"]
[SourceDate "2021.10.06"]
[SourceVersion "1"]
[SourceVersionDate "2021.10.06"]
[SourceQuality "1"]

1. d4 Nf6 2. c4 g6 3. Nc3 d5 4. Nf3 Bg7 5. Bf4 c6 6. e3 0-0 7. cxd5 cxd5 8. Bd3 Nc6 9. 0-0 Nh5 10. Bg3 Nxg3 11. fxg3 e5 12. dxe5 Nxe5 13. Bc2 Be6 14. Bb3 Nc4 15. Qe2 Qc7 16. Nb5 Qb6 17. Nbd4 Rfe8 18. Qf2 Bh6 19. Bxc4 dxc4 20. Ne5 Re7 21. Kh1 Rd8 22. Qf6 Rde8 23. Nxe6 Qxe6 24. Qxe6 Rxe6 25. Nxf7 Bxe3 26. Rad1 Bc5 27. Ng5 Re5 28. Nf3 Re2 29. Rc1 Rxb2 30. Rxc4 Bb6 31. a4 Ra2 32. h3 Rae2 33. Rf4 R2e4 34. Ng5 Re1 35. Kh2 Rxf1 36. Rxf1 Rc8 37. Ra1 Rc5 38. Nf3 Ba5 39. Rb1 Bb6 40. h4 Ra5 41. Ra1 Kg7 42. Nd2 Rd5 43. Nc4 Ba5 44. Nxa5 Rxa5 45. Rd1 Rf5 46. g4 Rf7 47. Kg3 Kf6 48. Re1 Re7 49. g5+ Kf7 50. Rxe7+ Kxe7 51. Kf4 Ke6 52. Ke4 Kd6 53. g4 a6 54. a5 b6 55. axb6 a5 56. Kd4 Kc6 57. Kc4 Kxb6 58. h5 Kc6 59. h6 a4 60. Kb4 a3 61. Kxa3 Kd5 62. Kb4 Ke5 63. Kc5 Kf4 64. Kd5 Kxg4 65. Ke5 Kxg5 66. Ke4 Kxh6 67. Kf4 Kh5 68. Kg3 Kg5 69. Kg2 Kg4 70. Kh2 Kf3 71. Kh3 g5 72. Kh2 g4 0-1

[Event "EU Union-ch U08"]
[Site "Kouty nad Desnou"]
[Date "2020.08.15"]
[Round "2"]
[White "Vancakova, Veronika"]
[Black "Negrean, Andrei"]
[Result "0-1"]
[WhiteElo "1123"]
[BlackElo "1506"]
[PlyCount "108"]
[EventDate "2020.08.14"]
[EventType "swiss"]
[EventRounds "9"]
[EventCountry "CZE"]
[SourceTitle "EXT 2021"]
[Source "ChessBase"]
[SourceDate "2020.10.23"]
[SourceVersion "1"]
[SourceVersionDate "2020.10.23"]
[SourceQuality "1"]

1. d4 Nf6 2. c4 g6 3. Nc3 Bg7 4. e4 d6 5. Be2 0-0 6. Nf3 e5 7. dxe5 dxe5 8. 0-0 c6 9. h3 Qc7 10. Be3 h6 11. Bd3 Be6 12. Qc2 Nbd7 13. Rfd1 Rac8 14. Rac1 Qb8 15. Qa4 b6 16. b4 Rfd8 17. Qc2 Bf8 18. a3 Kh7 19. Qb2 Ne8 20. Qb1 Nd6 21. Ne2 f6 22. Nh2 h5 23. Qb2 a5 24. f4 axb4 25. axb4 Bh6 26. Kf2 exf4 27. Bxf4 Nxe4+ 28. Bxe4 Bxf4 29. Rc2 Bxh2 30. g3 h4 31. Kg2 Bxg3 32. Bf3 c5 33. bxc5 bxc5 34. Qa1 Qe5 35. Qc1 Qf5 36. Ng1 Ne5 37. Rf1 Qg5 38. Qxg5 fxg5 39. Ne2 Nxc4 40. Rc3 Nd2 41. Rfc1 Rf8 42. Nxg3 hxg3 43. Kxg3 Rxf3+ 44. Rxf3 Nxf3 45. Kxf3 Bxh3 46. Ke4 c4 47. Kd5 c3 48. Kd4 g4 49. Ke3 c2 50. Kd2 Kh6 51. Ke2 Kg5 52. Kf2 Kf4 53. Ke2 g3 54. Ke1 Ke3 0-1